| 000 | 00660nam a22001937a 4500 | ||
|---|---|---|---|
| 005 | 20251108164224.0 | ||
| 008 | 250721s9999 xx 000 0 ara d | ||
| 082 | 1 | 4 | _a780.956/فار |
| 100 | 1 | _aفارمر، هنري جورج | |
| 245 | 1 | 0 | _aتاريخ الموسيقى العربية حتى القرن الثالث عشر الميلادي / |
| 264 | 1 |
_aبيروت : _bدار مكتبة الحياه، _c[19-]. |
|
| 300 | _a479ص : فهارس | ||
| 650 | 1 | 7 | _aالموسيقى العربية |
| 650 | 1 | 7 | _aالتاريخ |
| 650 | 1 | 7 | _aالنقد |
| 700 | 1 |
_aالمحامي، جرجيس فتح الله _eترجمة |
|
| 942 |
_2ddc _cBK |
||
| 999 |
_c6732 _d6732 |
||